ნორმალური ფორმატი
MARC ფორმატი
ჩანაწერი Personal Name
ჩანაწერთა რაოდენობა, რომელიც გამოყენებულია: 3
001 - CONTROL NUMBER
- control field: 26131
003 - CONTROL NUMBER IDENTIFIER
- control field: GE_BSU
005 - DATE AND TIME OF LATEST TRANSACTION
- control field: 20251030144447.0
008 - FIXED-LENGTH DATA ELEMENTS
- fixed length control field: 251030|| aca||aabn | a|a d
040 ## - CATALOGING SOURCE
- Original cataloging agency: GE_BSU
- Transcribing agency: GE_BSU
100 ## - HEADING--PERSONAL NAME
- Personal name: ხარბედია, რ.
670 ## - SOURCE DATA FOUND
- Source citation: Work cat.: (GE_BSU): ხარბედია, რ., ეკონომიკური კანონების ფუნქციონირება მეათე ხუთწლედში /
